[Event "HCL-B268"]
[Site "www.playchess.de"]
[Date "2001.04.29"]
[Round "8"]
[White "didiet68"]
[Black "WoodbGM"]
[WhiteElo "1696"]
[BlackElo "1200"]
[PlyCount "35"]
[Result "1-0"]

1.e4 e5 2.Nf3 Nc6 3.Bb5 a6 4.Bxc6 dxc6 5.O-O Nf6 
6.Nxe5 Be7 7.d3 O-O 8.Nd2 h6 9.Qf3 Bd6 10.Ndc4 b5 
11.Nxc6 Qe8 12.Nxd6 Qxc6 13.Nxc8 Raxc8 14.c3 Rfe8 
15.Be3 g5 16.Bd4 Re6 17.h3 h5 18.Bxf6 1-0

[Event "HCL-C269"]
[Site "www.playchess.de"]
[Date "2001.04.29"]
[Round "10"]
[White "assmonkey"]
[Black "Leon"]
[WhiteElo "927"]
[BlackElo "1644"]
[PlyCount "48"]
[Result "0-1"]

1.e4 {Good luck.}  c5 {You too.}  2.Nf3 d6 3.Bb5+ 
Bd7 4.Bxd7+ Qxd7 5.c4 e5 6.Nc3 Nf6 7.O-O Nc6 8.Nd5 
Nxe4 9.d3 Nf6 10.Nxf6+ gxf6 11.Be3 f5 12.Re1 O-O-O 
13.Qa4 e4 14.dxe4 fxe4 15.Ng5 f5 16.Qc2 d5 17.Rad1 
d4 18.Bf4 Rg8 {What part of the U.S. are you 
from?}  19.f3 h6 20.Nh3 {Boston.  Which part of 
Mexico are you from?}  exf3 {I'm from Guadalajara, 
but I'm living in Seattle, WA, right now.}  21.Rd2 
d3 22.Qd1 Nd4 23.Rxd3 Rxg2+ 24.Kf1 
Qg7 0-1

[Event "HCL-A126"]
[Site "www.playchess.de"]
[Date "2001.04.29"]
[Round "5"]
[White "Maxim"]
[Black "Rparkes"]
[WhiteElo "1800"]
[BlackElo "1664"]
[PlyCount "46"]
[Result "0-1"]

1.e4 e6 2.d4 {good luck}  d5 3.Nc3 Bb4 4.e5 c5 
5.a3 Bxc3+ 6.bxc3 Qc7 7.Bd2 Ne7 8.f4 O-O 9.Nf3 f6 
10.Be2 fxe5 11.Nxe5 c4 12.O-O Nbc6 13.Bh5 Nxe5 
14.fxe5 {Sorry, but I havent got Internet at 
home.}  Bd7 15.Qe2 Ba4 16.Bg5 Rxf1+ 17.Rxf1 Be8 
18.Qg4 Nf5 19.Bc1 Bxh5 20.Qxh5 Rf8 21.Qg4 Qe7 
22.Rf3 Qh4 23.Qxh4 Nxh4 0-1

[Event "ACL-A148"]
[Site "www.playchess.de"]
[Date "2001.04.29"]
[Round "1"]
[White "supercazzola"]
[Black "ulibear"]
[WhiteElo "1672"]
[BlackElo "1362"]
[PlyCount "37"]
[Result "1-0"]

1.d4 d5 2.c4 e6 3.Nc3 Be7 4.cxd5 exd5 5.Bf4 c6 
6.e3 Nf6 7.Bd3 Bg4 8.f3 Bh5 9.Nge2 Bg6 10.O-O Bxd3 
11.Qxd3 Nbd7 12.Rac1 Nh5 13.a3 Nxf4 14.Nxf4 O-O 
15.b4 Bg5 16.Nh3 Re8 17.Nxg5 g6 18.Nh3 f5 {why did 
I not play 17...Qxg5? must be born blind:-)}  
19.e4 {why don't u resign then? we r just loosing 
time! :-D}  1-0

[Event "ACL-A148"]
[Site "www.playchess.de"]
[Date "2001.04.29"]
[Round "13"]
[White "pierrette"]
[Black "Lukos"]
[WhiteElo "1500"]
[BlackElo "1500"]
[PlyCount "47"]
[Result "1/2-1/2"]

1.c4 {bonjour}  Nf6 {Hello}  2.Nc3 g6 3.g3 Bg7 
4.Bg2 O-O 5.d3 d6 6.Nf3 e5 7.O-O a5 8.Rb1 c6 9.a3 
h6 10.b4 axb4 11.axb4 Be6 12.b5 Nbd7 13.Bb2 Qc7 
14.Qc2 d5 15.bxc6 bxc6 16.Nd2 d4 17.Nce4 Nxe4 
18.Nxe4 f5 19.Nd2 Rfb8 20.Rba1 Bf8 21.Rxa8 Rxa8 
22.Ra1 Rxa1+ 23.Bxa1 Bb4 24.Bb2 1/2-1/2

[Event "HCL-A125"]
[Site "www.playchess.de"]
[Date "2001.04.29"]
[Round "4"]
[White "Flemming"]
[Black "Kasparovjr"]
[WhiteElo "1848"]
[BlackElo "1740"]
[PlyCount "68"]
[Result "1/2-1/2"]

1.d4 d5 {Hei igjen, håper du vil spille ferdig 
denne gangen. Liker ikke remiser selv om du var 
klart best.}  2.c4 c6 3.Nc3 {Jeg foretrækker at 
afslutte spil i turneringer jeg ikke kan vinde så 
hurtigt som muligt!}  e6 {Hvis du vinner mot 
chessnut, så vinner du sannsynligvis turneringen.} 
 4.Nf3 Nf6 5.cxd5 exd5 {Eller hva?}  6.a3 {Jo, men 
han er stærk!}  Bg4 {Jeg vet.}  7.Bg5 Nbd7 8.Ne5 
Nxe5 {Har fått en fordelaktig posisjon mot ham 
faktisk.}  9.dxe5 h6 10.exf6 hxg5 11.Qd4 Qxf6 
{Wow! Dette var ikke planen.}  12.Qxg4 {Nej det 
kom også som en overraskelse for mig at der var 
noget i stillingen.}  Bc5 {ikke mye kompensation, 
men jeg gidder ikke å gi meg enda.}  13.g3 Qxf2+ 
{Det er visst ikke bare jeg som bukker.}  14.Kd1 
{!! nej - den var ellers ikke så svær at se - jeg 
glemte den bare!}  Rxh2 15.Nxd5 {Det bliver vist 
et kort parti! Sikken nogle fejl.}  Rxh1 {vet ikke 
enda, hvorfor ikke Rxh2}  16.Qe4+ {Qxf1, Kc2, 
Qxa1, Rh8+ Bf8 and then what?}  Kf8 {Then Nc7+ 
followed by Nxa8 and you are better, I think.}  
17.Qxh1 {But the knight was still on c3!}  cxd5 
{yes, I forgot. Now I am clearly better. :-)}  
18.Rc1 Rd8 19.Qf3 Qd4+ {The different colored 
bishops gives some drawing chances in an endgame.} 
 20.Kc2 {That's what I thought too!}  Qe4+ 21.Qxe4 
{let's see - I think I can draw this :-)}  dxe4 
22.Bg2 e3 {Maybe, my pawns are weak.}  23.Rd1 Rxd1 
{Taking the pawn on b7 was losing, I think.}  
24.Kxd1 {Yes - but it was sure tempting! If you 
give me another chance, then...}  b6 {I will 
not....}  25.g4 a5 26.Ke1 {I'll put my king on f3, 
pawns on a4 and b3, bishop on c4-g8. Draw?}  Ke7 
{Looks like it. I have no experience with opposite 
coulored bishop endgames, but they are hard to 
win}  27.Kf1 a4 {change in plans...}  28.Bd5 
{Really a nice try. My compliments!}  f6 29.Kg2 
Kd6 30.Bf7 Ke5 31.Kf3 f5 {Impressing game you had 
against chessnut. I have a hard time fighting for 
the draw in my game.}  32.gxf5 {Back from Turkey 
holidays! Yes that was a very interesting game. 
Good luck with yours.}  Kxf5 {Looks like this game 
might be the tournament final.}  33.Be8 {It looks 
like a draw. Especially if the rooks are 
exchanged. Even if you have to give c2.}  g4+ 
{Just a few more moves. I really regret the 
queenexchange. After that the game looked like a 
draw....}  34.Kg2 {Yes this game too - but I was 
referring to your game with chessnut!}  Bd4 {I 
know. Thanx for messy game. This is a draw now.} 
 1/2-1/2

[Event "HCL-E049"]
[Site "www.playchess.de"]
[Date "2001.04.29"]
[Round "4"]
[White "houtduwer"]
[Black "Merscheid"]
[WhiteElo "1933"]
[BlackElo "2238"]
[PlyCount "48"]
[Result "0-1"]

1.Nc3 {Enjoy the game! I hope it's going to be as 
exciting as our last one!}  d5 {Hello nice to meet 
you again.}  2.e4 e6 3.d4 Bb4 4.e5 c5 5.a3 Bxc3+ 
6.bxc3 Ne7 7.Bd3 Nbc6 8.Qg4 c4 9.Be2 O-O 10.h4 f6 
11.exf6 Rxf6 12.Nf3 e5 13.Qh5 e4 14.Ng5 Bf5 15.Be3 
Qa5 16.Kd2 Raf8 17.Nh3 Bxh3 18.Rxh3 Nf5 19.g4 
Nfxd4 20.Bxc4 Ne6 21.Bb3 g6 22.Qh6 Ne5 23.g5 
R6xf2+ 24.Bxf2 Rxf2+ 0-1

[Event "HCL-B285"]
[Site "www.playchess.de"]
[Date "2001.04.29"]
[Round "10"]
[White "ulibear"]
[Black "Foo_Lee"]
[WhiteElo "1330"]
[BlackElo "1117"]
[PlyCount "38"]
[Result "0-1"]

1.c4 e5 2.Nc3 Nc6 3.b3 Nf6 4.g3 Bb4 5.a3 Bxc3 
6.dxc3 d5 7.c5 Ne4 8.Bb2 Qf6 9.Nf3 Be6 10.Bg2 Rd8 
11.O-O d4 12.Nxd4 {all of sudden a sharp game}  
Nxc5 13.Qc2 exd4 {Let´s see where it take us}  
14.Bxc6+ bxc6 15.c4 O-O 16.b4 Nb7 17.e3 {straight 
down from heaven :-)}  Qf3 18.Qd1 Qxd1 19.Rfxd1 
dxe3 0-1

[Event "HCL-C284"]
[Site "www.playchess.de"]
[Date "2001.04.29"]
[Round "9"]
[White "TAX"]
[Black "jjbranc"]
[WhiteElo "1200"]
[BlackElo "1350"]
[PlyCount "49"]
[Result "1-0"]

1.e4 e5 2.Nf3 d6 3.Bc4 Nc6 4.d3 Nf6 5.Bg5 h6 
6.Bxf6 Qxf6 7.Nc3 b6 8.O-O Bb7 9.Nd5 Qd8 10.d4 Qd7 
11.b4 O-O-O 12.a4 f6 13.Qe2 Nb8 14.Bb5 c6 15.Qc4 
a6 16.Nxb6+ Kc7 17.Nxd7 Rxd7 18.Bxc6 Nxc6 19.b5 d5 
20.exd5 Rd6 21.dxc6 Bc8 22.Qf7+ Kb6 23.a5+ Kxb5 
24.Rfb1+ Kxc6 25.Rb6+ 1-0

[Event "ACL-A144"]
[Site "www.playchess.de"]
[Date "2001.04.29"]
[Round "1"]
[White "hercos"]
[Black "fareh"]
[WhiteElo "1900"]
[BlackElo "1500"]
[PlyCount "25"]
[Result "1-0"]

1.e4 {Hi. I am a 25 years old electrical 
engineering student from Brazil. What about you ?} 
 c5 2.Nf3 Nc6 {i'm a 26 years old analyst in 
informatics in Rabat - Morocco. good match in 
tennis of your team}  3.d4 cxd4 4.Nxd4 Nf6 5.Nc3 
e6 6.a3 a6 7.g4 Nxd4 8.Qxd4 Nxg4 9.Bh3 Qh4 10.Bxg4 
Qxg4 11.Be3 Be7 12.h3 Qg2 13.O-O-O 1-0

[Event "ACL-E008"]
[Site "www.playchess.de"]
[Date "2001.04.29"]
[Round "9"]
[White "Radost"]
[Black "MarkusSSG"]
[WhiteElo "1882"]
[BlackElo "1844"]
[PlyCount "31"]
[Result "1/2-1/2"]

1.e4 {grüß Dich!}  c6 2.d4 d5 {Gruss zurück !! 
Gratuliere zu deinem Tuniersieg !!}  3.e5 {Danke! 
Hattest ja endlich aufgegeben ;-)}  Bf5 4.c3 Qb6 
5.Nf3 e6 6.Nh4 {dann wollen wir mal deinem Lf5 zu 
Leibe rücken!}  Bxb1 7.Rxb1 c5 8.Qa4+ Nc6 9.Be3 
cxd4 10.Bxd4 Bc5 11.Bxc5 Qxc5 12.Bd3 Nge7 13.Nf3 
Ng6 14.O-O Qa5 15.Qxa5 Nxa5 16.Rbd1 1/2-1/2

[Event "HCL-B292"]
[Site "www.playchess.de"]
[Date "2001.04.29"]
[Round "19"]
[White "PDelaquess"]
[Black "Erik"]
[WhiteElo "1330"]
[BlackElo "1225"]
[PlyCount "61"]
[Result "1-0"]

1.e4 e5 {Good luck to you!}  2.Nf3 {Thanks. Have 
fun!}  Nc6 {Thanks. I doubt that. ;-)}  3.Bb5 Bc5 
4.c3 Nf6 5.d4 exd4 6.e5 Ng4 7.cxd4 Bb6 8.O-O a6 
9.Bxc6 dxc6 10.Nc3 O-O 11.h3 Nh6 12.Bxh6 gxh6 
13.Ne4 Be6 14.Nf6+ Kg7 15.Qd3 Rh8 16.Nh5+ Kf8 
17.Qd2 Ke7 18.Qxh6 Bxd4 19.Nxd4 Qxd4 20.Qf6+ Kd7 
21.Rfd1 c5 22.Rxd4+ cxd4 23.Rd1 c5 24.Ng7 Raf8 
25.Nxe6 fxe6 26.Qg7+ Kc6 27.Qe7 Rfe8 28.Qd6+ Kb5 
29.a4+ Kb4 30.Qb6+ Kxa4 31.Ra1+ 1-0

[Event "HCL-C280"]
[Site "www.playchess.de"]
[Date "2001.04.29"]
[Round "27"]
[White "TuffGong"]
[Black "Gagarin"]
[WhiteElo "1043"]
[BlackElo "800"]
[PlyCount "52"]
[Result "0-1"]

1.d4 d5 2.c3 e6 3.Nd2 Nf6 4.e4 dxe4 5.f3 exf3 
6.Ndxf3 Bd6 7.d5 exd5 8.Bb5+ c6 9.Qe2+ Kd7 10.Ne5+ 
Bxe5 11.Qxe5 Re8 12.Nf3 cxb5 13.O-O Rxe5 14.Nxe5+ 
Ke8 15.Re1 Ne4 16.Rf1 Qb6+ 17.Kh1 Nf2+ 18.Rxf2 
Qxf2 19.Bg5 Nc6 20.Nd3 Qf5 21.Re1+ Be6 22.Nf4 Qxg5 
23.Nxe6 fxe6 24.Rxe6+ Kd7 25.Re2 Qc1+ 26.Re1 
Qxe1+ 0-1

[Event "HCL-A136"]
[Site "www.playchess.de"]
[Date "2001.04.29"]
[Round "26"]
[White "Gutovsky"]
[Black "kali"]
[WhiteElo "2100"]
[BlackElo "1700"]
[PlyCount "45"]
[Result "1-0"]

1.e4 e6 2.d4 d5 3.e5 c5 4.c3 Nc6 5.Nf3 Qb6 6.Be2 
Bd7 7.O-O Nge7 8.b3 Nf5 9.dxc5 Bxc5 10.Bd3 O-O 
11.Bxf5 exf5 12.Qxd5 Be6 13.Qd3 Rad8 14.Qe2 Qc7 
15.Ba3 Bxa3 16.Nxa3 Rd5 17.c4 Rdd8 18.Nb5 Qa5 
19.Rad1 a6 20.Rxd8 Rxd8 21.Nd6 Qb6 22.Ng5 Nxe5 
23.c5 1-0

[Event "HCL-C294"]
[Site "www.playchess.de"]
[Date "2001.04.29"]
[Round "3"]
[White "Rengar"]
[Black "JRockne"]
[WhiteElo "1153"]
[BlackElo "814"]
[PlyCount "65"]
[Result "1-0"]

1.e4 e5 2.Nf3 Nc6 3.Bb5 d6 4.c3 Bd7 5.d4 exd4 
6.cxd4 Nf6 7.Bg5 Be7 8.Nc3 O-O 9.O-O a6 10.Ba4 b5 
11.Bb3 h6 12.Bh4 Na5 13.Bc2 Nc4 14.b3 Na3 15.Bd3 
b4 16.Ne2 Nb5 17.Rc1 Bc8 18.Qc2 d5 19.e5 Ne4 
20.Bxe7 Qxe7 21.Bxe4 Bb7 22.Bd3 Rac8 23.Bxb5 axb5 
24.Qc5 Qxc5 25.Rxc5 c6 26.Rfc1 Rfe8 27.Nf4 Rc7 
28.Nd3 Kh7 29.Nxb4 Rec8 30.Nxd5 Rd7 31.Nb6 Rxd4 
32.Nxc8 Re4 33.Nd6 1-0

[Event "ACL-A159"]
[Site "www.playchess.de"]
[Date "2001.04.29"]
[Round "4"]
[White "icander"]
[Black "Blitzmich"]
[WhiteElo "1500"]
[BlackElo "1577"]
[PlyCount "53"]
[Result "1-0"]

1.d4 {Hi, and good luck!}  Nf6 {Thank you, 
likewise!}  2.c4 {Were in Germany do you live?}  
e6 {My hometown is Jena, and you?}  3.Nf3 {Luleå 
in the north part of Sweden.}  d5 {Play you 
already longer here?}  4.Nc3 {This is my first 
tournament here.}  Bb4 {then hearty welcome :)}  
5.Bg5 {Thank you! I hope you threat me nice ;-)}  
dxc4 {O.K., You play in a chessclub?}  6.e4 {No, I 
just play correspondence chess.}  h6 7.Bxf6 {No, 
only on Internet.}  Qxf6 8.Bxc4 {Do you play at 
ICC, FICS or KC?}  O-O {No, its only my hobby.}  
9.O-O {Then you should try them!}  Rd8 {I think 
about later ;)}  10.Qe2 Nd7 11.Rfd1 c6 12.a3 Be7 
13.e5 Qf4 14.Bd3 Nb6 15.Ne4 f5 16.exf6 gxf6 17.Nc5 
Bxc5 18.dxc5 Nd5 19.Bc2 e5 20.h3 b5 21.Rac1 
{Congratulations to your fast wins against quant 
and mats!}  Kf8 {Thank's, but I should 
congcratulate for you game!}  22.g3 {Thanks!}  Qc4 
23.Bd3 Qb3 24.Qe4 h5 25.Qh7 Be6 26.Nh4 Ne7 
27.Bc2 1-0

[Event "HCL-A137"]
[Site "www.playchess.de"]
[Date "2001.04.29"]
[Round "10"]
[White "RB"]
[Black "Andreadis"]
[WhiteElo "2101"]
[BlackElo "1700"]
[PlyCount "41"]
[Result "1-0"]

1.e4 e5 2.Nf3 {Hi, new name, new game, new luck 
:-)}  Nc6 3.Bb5 Bc5 4.c3 Qe7 5.O-O d6 6.d4 Bb6 
7.d5 a6 8.Ba4 Bxf2+ 9.Rxf2 b5 10.dxc6 bxa4 11.Qxa4 
Nf6 12.Bg5 h6 13.Bxf6 Qxf6 14.Nbd2 O-O 15.Nf1 Qf4 
16.Ng3 g5 17.Raf1 f5 18.Nd4 Qg4 19.Ndxf5 Bxf5 
20.Nxf5 d5 21.Nxh6+ 1-0

[Event "HCL-A128"]
[Site "www.playchess.de"]
[Date "2001.04.29"]
[Round "20"]
[White "Gavroktone"]
[Black "bundori"]
[WhiteElo "1700"]
[BlackElo "1716"]
[PlyCount "30"]
[Result "0-1"]

1.e4 e6 2.d4 d5 3.e5 c5 4.Bb5+ Bd7 5.Bxd7+ Nxd7 
6.c3 Qb6 7.Nf3 Ne7 8.Qc2 Rc8 9.Qe2 cxd4 10.Nxd4 
Qxd4 11.cxd4 Rxc1+ 12.Kd2 Rxh1 13.h3 Nc6 14.Qb5 
Bb4+ 15.Kc2 Nxd4+ 0-1

[Event "HCL-B307"]
[Site "www.playchess.de"]
[Date "2001.04.29"]
[Round "5"]
[White "Hamburger"]
[Black "saxel"]
[WhiteElo "1538"]
[BlackElo "1300"]
[PlyCount "23"]
[Result "1-0"]

1.d4 d5 2.c4 dxc4 3.e4 Nc6 4.Nf3 b5 5.b3 cxb3 
6.Bxb5 Bd7 7.d5 Nb8 8.Qxb3 c6 9.Bc4 cxd5 10.Bxd5 
Bc6 11.Bxf7+ Kd7 12.Qe6+ 1-0

[Event "HCL-B307"]
[Site "www.playchess.de"]
[Date "2001.04.29"]
[Round "18"]
[White "PAO_4EVER"]
[Black "foxzy"]
[WhiteElo "1299"]
[BlackElo "1146"]
[PlyCount "24"]
[Result "0-1"]

1.e4 c5 2.Bc4 e6 3.Nf3 Nc6 4.d3 g6 5.Nc3 Bg7 6.Bf4 
Nge7 7.O-O O-O 8.Qd2 f5 9.Bh6 a6 10.Bxg7 Kxg7 
11.a3 b5 12.Ba2 Bb7 0-1

[Event "HCL-B307"]
[Site "www.playchess.de"]
[Date "2001.04.29"]
[Round "20"]
[White "PAO_4EVER"]
[Black "rafita"]
[WhiteElo "1299"]
[BlackElo "1391"]
[PlyCount "24"]
[Result "0-1"]

1.e4 Nf6 {hello and good luck!}  2.Nc3 
{thanks.Good luck to you}  d5 {where in Greece do 
you live?}  3.exd5 Nxd5 4.Nxd5 Qxd5 5.Nf3 Bg4 
6.Be2 {I live in Athens,the capital.You?}  g6 {I 
live in Mexico City (also the capital) It's great 
you'll get to have the Olympics home soon}  7.d3 
{Yes, it is.Will you come to watch the olympics?}  
Bg7 {I don't think so, I wish I could...}  8.Bf4 
{for how long do you play chess in this site?}  
Bxb2 {since October last year or so}  9.Rb1 Bc3+ 
10.Nd2 Qxg2 11.Rf1 Bh3 12.Bxc7 
Nc6 0-1

[Event "HCL-B313"]
[Site "www.playchess.de"]
[Date "2001.04.29"]
[Round "7"]
[White "soymilk"]
[Black "King_Safety"]
[WhiteElo "1197"]
[BlackElo "1211"]
[PlyCount "35"]
[Result "1-0"]

1.Nf3 {Nice to see a fellow Canadian here!}  d5 
{Hi, what part of Canada are you in? I'm on the 
west coast. Good luck with your games.}  2.g3 {I 
live in Montreal. Where on the west coast do you 
live?}  Nf6 {Vancouver}  3.Bg2 Bf5 4.O-O h6 5.d3 
e6 6.Nbd2 Be7 7.b3 O-O 8.Bb2 Nbd7 9.Re1 c5 10.e4 
Bh7 11.e5 Ng4 12.h3 Ngxe5 13.Nxe5 Nf6 14.Ng4 Nxg4 
15.Qxg4 Bg5 16.h4 Bf6 17.Bxf6 Qc7 
18.Qxg7+ 1-0

[Event "HCL-B313"]
[Site "www.playchess.de"]
[Date "2001.04.29"]
[Round "8"]
[White "RMil"]
[Black "soymilk"]
[WhiteElo "910"]
[BlackElo "1197"]
[PlyCount "24"]
[Result "0-1"]

1.e4 e6 2.Be2 {Hello and good luck in the game.  
:-)}  d5 3.d3 dxe4 4.dxe4 Qxd1+ {Good luck back at 
you!!}  5.Bxd1 Nc6 6.Nc3 Nf6 7.Nf3 Bd6 8.O-O O-O 
9.Bg5 Nd7 10.a3 Nde5 11.Nh4 Be7 12.Bxe7 
Nxe7 0-1

[Event "ACL-A171"]
[Site "www.playchess.de"]
[Date "2001.04.29"]
[Round "8"]
[White "killer"]
[Black "chico"]
[WhiteElo "1500"]
[BlackElo "1759"]
[PlyCount "47"]
[Result "1-0"]

1.d4 {regards}  d5 2.Nf3 Nc6 3.c4 e6 4.Nc3 Nf6 
5.Bg5 Be7 6.e3 h6 7.Bh4 g5 8.Bg3 a6 9.Bd3 dxc4 
10.Bxc4 b5 11.Bd3 Bb7 12.O-O Rg8 13.a4 b4 14.Ne4 
Nxe4 15.Bxe4 Bd6 16.Qc2 Qd7 17.Rfc1 Nd8 18.Bxb7 
Nxb7 19.Qe4 Rb8 20.Qh7 Rg6 21.Qh8+ Bf8 22.Ne5 Qd6 
23.Nxg6 Qb6 24.Qxf8+ {and 25.Ne5 checmate} 
 1-0

[Event "HCL-A150"]
[Site "www.playchess.de"]
[Date "2001.04.29"]
[Round "5"]
[White "deadeasy"]
[Black "One_i"]
[WhiteElo "1885"]
[BlackElo "1636"]
[PlyCount "75"]
[Result "1-0"]

1.e4 {hello once again.}  d5 {How she goin' b'y?!} 
 2.d4 dxe4 3.Nc3 Nf6 4.f3 exf3 5.Nxf3 Bg4 6.h3 
Bxf3 7.Qxf3 c6 8.Be3 e6 9.Bd3 Bd6 10.O-O O-O 
11.Ne4 Nxe4 12.Qxe4 g6 13.Bh6 Re8 {Looks like the 
end is near!}  14.Qf3 {i wish i had your 
confidence}  f5 15.Qe3 Na6 16.Rae1 e5 17.Bc4+ Kh8 
18.Bg5 {i think 16...e5 was a blunder, Nc7 keeping 
e6 defended was good.}  exd4 {You are absolutely 
correct!}  19.Bxd8 Raxd8 20.Qxe8+ Rxe8 21.Rxe8+ 
Kg7 22.Bxa6 bxa6 23.Rd8 Bc5 24.Kh1 Bb6 25.Rd7+ Kh6 
26.h4 c5 27.b3 a5 28.a4 a6 29.h5 f4 30.Rxf4 Kg5 
31.hxg6 hxg6 32.Rf8 c4 33.bxc4 Kg4 34.Rf6 Bc5 
35.Rxg6+ Kf5 36.Rc6 Bb4 37.Rxd4 Ke5 
38.Rd5+ 1-0

[Event "HCL-C310"]
[Site "www.playchess.de"]
[Date "2001.04.29"]
[Round "3"]
[White "Terran"]
[Black "jpechie"]
[WhiteElo "1000"]
[BlackElo "514"]
[PlyCount "54"]
[Result "0-1"]

1.h4 e5 2.Rh3 d5 3.c3 Bxh3 4.Nxh3 Bc5 5.e3 d4 
6.Qa4+ Nc6 7.Qc4 Bb6 8.Na3 Qxh4 9.Nb5 O-O-O 10.Ng1 
Qe7 11.Nf3 Qe6 12.Qd3 e4 13.Qe2 exf3 14.gxf3 dxe3 
15.fxe3 Nf6 16.a4 a5 17.f4 Ne4 18.Qg2 g6 19.Ra3 
Nc5 20.d4 Nb3 21.Kd1 Nxc1 22.Kxc1 Na7 23.c4 Nxb5 
24.cxb5 Qd5 25.Qc2 Rhe8 26.e4 Qxd4 27.Qh2 
Qd1+ 0-1

[Event "HCL-C312"]
[Site "www.playchess.de"]
[Date "2001.04.29"]
[Round "4"]
[White "thalis"]
[Black "Trodat"]
[WhiteElo "1515"]
[BlackElo "1069"]
[PlyCount "77"]
[Result "1-0"]

1.e4 {Na war das Brathühnchen lecker? Schön gegen 
Dich mit Weiß spielen zu dürfen!}  e5 {dickbauch! 
hi du!}  2.f4 {Jetzt habe ich doch tatsächlich 
kurz nach unten geschaut ... es ist wahr!}  exf4 
{frechling!}  3.Nf3 {Guten Morgen. Wir haben 
gerade herrlich gefrühstückt!}  Qe7 {morgen! ich 
auch, jetzt ist arbeiten dran!}  4.Nc3 {Gerade 
läuft ein Radrennen im TV ... Man müßte wieder was 
tun! Jaja! Oder?}  Nf6 {morgen ist wieder laufen 
dran + sauna!}  5.Bd3 {Bonne nuit, monsieur 
Trodat!}  d6 {grazie! alles paletti?}  6.O-O {Die 
Matraze, sie ruft nach mir!}  Bg4 {nur die 
matraze?}  7.h3 {Sie hat heute 3 Kilo mehr auf der 
rechten Seite zu tragen ... Sie quietscht nicht, 
um auch das vorwe}  Bxf3 {fettsack! mehr laufen 
gehen, nicht nur essen!}  8.Qxf3 {Wo darf ich 
zwicken?}  g5 9.e5 {Ich habe Deine Zeile ein 
zweites Mal lesen müssen; jetzt gibt es einen 
kleinen Ringkampf mit Muskelr}  c6 {morgen, gott 
spielt dieser italiener wieder einen blödsinn!}  
10.exf6 {*schmunzel*}  Qxf6 {lach nicht!}  11.g3 
{Ich würde dich ja so gerne mal so richtig 
durchkitzeln ... Bin noch in Hannover, bummeln 
...}  Nd7 {mich durchkitzeln, bist du schwul? 
igitt!}  12.gxf4 {Ich kann das in keinster Weise 
nachvollziehen. Mögen die ihren Spaß haben- ohne 
mich :-))}  gxf4 {dann laß ja den italiener in 
ruhe!}  13.Qxf4 {Den lassen wir noch nicht mal für 
uns kochen!}  Qxf4 {schlaf gut! müde, schlafmittel 
heißt chardonnay!}  14.Rxf4 Bh6 {hallöchen! 
sauwetter ist draußen!}  15.Rh4 {Noch einen 
schnellen Zug heute, morgen gehts zur 
Akupunkturfortbildung Teil II}  Bg5 {noch immer 
kalt, ....}  16.Rg4 {Dann mußt Du Dir was Leckeres 
Warmes kochen ...}  Rg8 {war sauna, danach heiße 
dusche, sooo kalt ist es!}  17.h4 {heute wärmer?}  
Be3+ {ja sonne, morgen soll es 20 grad geben!}  
18.dxe3 Rxg4+ {ups, verliert da jemand seinen 
vorteil?}  19.Kh2 {Sprich mich bitte nicht mehr 
darauf an hier ... Hast Du den Maulwurf bekommen?} 
 Rxh4+ {ja mail ist ja schon unterwegs! ... 
schnapp!}  20.Kg3 Rh6 {habe dir gerade ein 
interessantes mail geschickt...}  21.e4 {Habe 
gerade bei schachspiel.de reingeschaut- meine 
Herren! Die Seite kann man jetzt vergessen!}  Ke7 
{warum, kann ja für die leute nix dafür!}  22.Bxh6 
{Nachher kommt die mail. Ich freue mich schon 
drauf ...}  Rg8+ {ähem, geschlafen... wo ist mein 
turm?}  23.Kf2 {Glaub ich nicht, daß Du geschlafen 
hast. Du wolltest mir was Gutes tun! Jetzt weiß 
ich nur nicht, ob}  Rg6 {ehrlich habe gepennt, 
aber gerade leckere miesmuscheln gegessen!}  
24.Rh1 {Da läuft mir jetzt auch das Wasser im 
Munde zusammen ... so ´ne ganze Schüssel voll, 
selbst gekocht?}  Ne5 {nein bei italiener,aber 
meine sind fast noch besser!}  25.Bf4 f6 {mit 
knoblauch und dazu knoblauch!}  26.Bxe5 {Mmmmhhh, 
lecker lecker ... und Nachtisch?}  fxe5 {nix 
nachtisch, ... bikini...}  27.Rxh7+ {...mail...}  
Kf6 {guten abend!}  28.Rxb7 {Den wünsche ich auch! 
Danke! Bin heute k.o. Brauche eine Mütze voll 
Schlaf. Dringend!}  a5 {morgen! ab in den kurs...} 
 29.Rb6 {Ich freue mich auf nachher!}  Ke6 {guten 
abend!}  30.Rxc6 {Hat geklappt mit C 339; muß aber 
nochmal in die Praxis ...}  Rh6 {SUPER!!!! jetzt 
lernst aber das fürchten!!!}  31.Ra6 {Sei gnädig!} 
 Rh2+ {bei dir doch immer!}  32.Ke3 Rh3+ 33.Kd2 
Rh2+ 34.Be2 a4 35.Nxa4 {...}  Rh4 36.b4 Rxe4 
37.Nc5+ {In der anderen Partie kann ich mich wohl 
warm anziehen ... Mir graut´s schon.}  Kd5 {jaja, 
da paß ich auf, nix blitzen!}  38.Nxe4 {Bei uns 
ist die Sonne rausgekommen ... Wir gehen nochmal 
skaten! Gut für die Pobacken! :-))}  Kxe4 39.Rxd6 
{Gute Nacht!}  1-0